| 000 | 00472 a2200157 4500 | ||
|---|---|---|---|
| 005 | 20250625085531.0 | ||
| 020 | _aO-07-229903-7 | ||
| 082 | _a657EDM. | ||
| 100 | _aEDMONDS.P.T. | ||
| 245 | _aFundamental Financial Accounting Concepts | ||
| 250 | _a3rd Ed | ||
| 260 |
_aNew York, _bMc Graw Hill Irwin, _c2000. |
||
| 300 |
_avii.; 647p.; ill, table, figure, picture _bIndex, _c26cm |
||
| 700 | _aMCNAIRA. M. F...[MILAM. E.E...OLDS.R.P...EDMONDS. D. C...] | ||
| 942 |
_2ddc _cBKS |
||
| 999 |
_c4963 _d4963 |
||